Loading...
| Literature - British | 0 | 4 | 0 | 0 | 40 | 125 | 135.75 | 1 | 1 | 0.00 | 0.00 |
| Geography | 0 | 2 | 0 | 2 | 20 | 131 | 132.00 | 0 | 0 | 0.00 | 0.00 |
| Beliefs | 0 | 2 | 0 | 1 | 20 | 116 | 137.00 | 0 | 1 | 0.00 | 0.00 |
| History - Other | 0 | 1 | 0 | 0 | 10 | 89 | 89.00 | 1 | 1 | 0.00 | 0.00 |
| Fine Arts - Classical Music and Opera | 0 | 1 | 0 | 1 | 10 | 171 | 171.00 | 0 | 0 | 0.00 | 0.00 |
| History - European | 0 | 1 | 0 | 0 | 10 | 106 | 106.00 | 1 | 1 | 0.00 | 0.00 |
| Literature - European | 0 | 1 | 0 | 0 | 10 | 106 | 106.00 | 0 | 1 | 0.00 | 0.00 |
| Philosophy | 0 | 0 | 0 | 0 | 0 | 0.00 | 0 | 0 | 0.00 | 0.00 | |
| History - US | 0 | 0 | 0 | 0 | 0 | 0.00 | 0 | 0 | 0.00 | 0.00 |